| 000 | 00753cam a2200289 i 4500 | ||
|---|---|---|---|
| 001 | 4161030 | ||
| 005 | 20150319120247.0 | ||
| 006 | 000 | ||
| 007 | 000 | ||
| 008 | 000 | ||
| 010 | _a 78313063 | ||
| 015 | _aGB*** | ||
| 020 |
_a0045810125 : _a0045810133 |
||
| 040 |
_aUOEL _cDLC _dDLC |
||
| 050 | 0 | 0 |
_aQK901 _b.C73 |
| 082 | 0 | 0 | _a581.5 |
| 100 | 1 | _aCollinson, A. S. | |
| 245 | 1 | 0 |
_aIntroduction to world vegetation / _cA. S. Collinson. |
| 260 |
_aLondon ; _aBoston : _bG. Allen & Unwin, _cc1977. |
||
| 300 |
_a201 p. : _bill. ; _c23 cm. |
||
| 504 | _aIncludes bibliographies and indexes. | ||
| 650 | 0 | _aPlant ecology. | |
| 650 | 0 | _aPhytogeography. | |
| 740 | _aVegetation. | ||
| 906 |
_a0 _bcbc _corignew _d3 _encip _f19 _gy-gencatlg |
||
| 942 |
_2lcc _cLL |
||
| 999 |
_c3030 _d3030 |
||